La historia oculta de la transición: Chile, 1990-1998

Spremljeno u:
Bibliografski detalji
Glavni autor: Cavallo Castro, Ascanio Raúl (Autor)
Format: Knjiga
Jezik:španjolski
Izdano: Santiago, Chile Grijalbo 1998
Izdanje:Primera edición
Serija:Colección Hojas Nuevas
Teme:
Oznake: Dodaj oznaku
Bez oznaka, Budi prvi tko označuje ovaj zapis!

MARC

LEADER 00000cam a2200000 a 4500
001 UCP0722
003 CL-VaPUC
005 20210908090701.0
008 990319e19980000CL |||||||||||||||||spa|d
999 |c 279474  |d 279472 
020 |a 956258075K 
040 |c Pontificia Universidad Católica de Valparaíso 
082 0 4 |a 983.065 CAV 1998  |2 21 
100 0 |a Cavallo Castro, Ascanio Raúl  |e author  |9 426207 
245 1 3 |a La historia oculta de la transición:  |b  Chile, 1990-1998 
250 |a Primera edición 
260 |a Santiago, Chile  |b Grijalbo  |c 1998 
300 |a 377 páginas 
490 0 |a Colección Hojas Nuevas 
583 |a last modification  |c 20150408 03:26:15  |k Rodrigo Vera 
650 0 |a Historia de Chile  |9 265473 
650 0 |a Transición democrática  |z CHILE  |9 336882 
650 0 |a Derechos humanos  |z CHILE  |9 223025 
650 0 |a Partidos políticos  |z CHILE  |9 254999 
650 0 |a Elecciones presidenciales  |z CHILE  |9 354283 
852 |a BIBCUR 
942 |c BK  |2 ddc 
945 |d 19990319 00:00:00  |a aarredon 
952 |0 0  |1 0  |2 ddc  |4 0  |6 983_065000000000000_CAV_1998  |7 0  |8 A  |9 319010  |a BIBCUR  |b BIBCUR  |d 2019-11-20  |i 3500225  |l 1  |o 983.065 CAV 1998  |p 3500225  |r 2025-04-22  |s 2023-09-06  |t 1  |w 2019-11-20  |y BK  |k PER 
952 |0 0  |1 0  |2 ddc  |4 0  |6 983_065000000000000_CAV_1998  |7 0  |8 A  |9 319011  |a BIBHIS  |b BIBHIS  |d 2019-11-20  |i 3505138  |l 5  |o 983.065 CAV 1998  |p 3505138  |r 2025-01-20  |s 2020-10-06  |t 2  |w 2019-11-20  |y BK  |k HIS 
952 |0 0  |1 0  |2 ddc  |4 0  |6 983_065000000000000_CAV_1998  |7 0  |8 P  |9 319012  |a BIBEDU  |b BIBEDU  |c BIBEDU_PB  |d 2019-11-20  |i 364569K  |o 983.065 CAV 1998  |p 364569K  |r 2024-01-25  |t 4  |w 2019-11-20  |y BK  |k LIT 
952 |0 0  |1 0  |2 ddc  |3 erb  |4 0  |6 983_065000000000000_CAV_1998  |7 0  |8 A  |9 319013  |a BIBHIS  |b BIBHIS  |e Villagrán Garnham, Jorge  |i 5159350  |l 3  |o 983.065 CAV 1998  |p 5159350  |r 2025-01-20  |s 2024-09-24  |t 3  |w 2019-11-20  |y BK  |z Catalogado en:20150416  |k HIS